书目信息 |
| 题名: |
果蔗绿色种植技术
|
|
| 作者: | 王继华 , 杨少海 , 曹干 编著 | |
| 分册: | ||
| 出版信息: | 广州 广东科技出版社 2020.01 |
|
| 页数: | 97页 | |
| 开本: | 21cm | |
| 丛书名: | “金土地”新农村书系 | |
| 单 册: | ||
| 中图分类: | S566.1 | |
| 科图分类: | ||
| 主题词: | 甘蔗--gan zhe--栽培技术--无污染技术 | |
| 电子资源: | ||
| ISBN: | 978-7-5359-7255-2 | |
| 000 | 01188nam 2200313 450 | |
| 001 | 0106081835 | |
| 005 | 20201106082045.0 | |
| 010 | @a978-7-5359-7255-2@dCNY20.00 | |
| 100 | @a20200515d2020 em y0chiy50 ea | |
| 101 | 0 | @achi |
| 102 | @aCN@b440000 | |
| 105 | @aa z 000yy | |
| 106 | @ar | |
| 200 | 1 | @a果蔗绿色种植技术@Aguo zhe lv se zhong zhi ji shu@f王继华, 杨少海, 曹干编著 |
| 210 | @a广州@c广东科技出版社@d2020.01 | |
| 215 | @a97页@c彩图@d21cm | |
| 225 | 2 | @a“金土地”新农村书系@Ajin tu di xin nong cun shu xi@i经济作物编 |
| 300 | @a“国家重点研发项目”和广东省粮油经济作物产业创新团队栽培与土肥岗位科学家项目的资助 | |
| 303 | @a“十三五”国家重点图书出版规划项目 改革发展项目库2017年入库项目 | |
| 330 | @a本书内容包括:甘蔗生产概况、良种选用、合理密植、科学施肥、节水灌溉、病虫草害防治、间套复种模式、节本增效耕作技术等。 | |
| 461 | 0 | @12001 @a“金土地”新农村书系 |
| 462 | 0 | @12001 @a经济作物编 |
| 606 | 0 | @a甘蔗@Agan zhe@x栽培技术@x无污染技术 |
| 690 | @aS566.1@v5 | |
| 701 | 0 | @a王继华@Awang ji hua@4编著 |
| 701 | 0 | @a杨少海@Ayang shao hai@4编著 |
| 701 | 0 | @a曹干@Acao gan@4编著 |
| 801 | 0 | @aCN@bBJSZM@c20201106 |
| 905 | @b1192752-5@dS566.1@e122@f4 | |
| 果蔗绿色种植技术/王继华, 杨少海, 曹干编著.-广州:广东科技出版社,2020.01 |
| 97页:彩图;21cm.-(“金土地”新农村书系.经济作物编) |
| “国家重点研发项目”和广东省粮油经济作物产业创新团队栽培与土肥岗位科学家项目的资助 |
| ISBN 978-7-5359-7255-2:CNY20.00 |
| 本书内容包括:甘蔗生产概况、良种选用、合理密植、科学施肥、节水灌溉、病虫草害防治、间套复种模式、节本增效耕作技术等。 |
| ● |
| 相关链接 |
|
|
|
|
正题名:果蔗绿色种植技术
索取号:S566.1/122
 
预约/预借
| 序号 | 登录号 | 条形码 | 馆藏地/架位号 | 状态 | 备注 |
| 1 | 1192752 | 211927520 | 第二样本阅览室/ [索取号:S566.1/122] | 在馆 | |
| 2 | 1192753 | 211927539 | 第三借阅区/ [索取号:S566.1/122] | 在馆 | |
| 3 | 1192754 | 211927548 | 第三借阅区/ [索取号:S566.1/122] | 在馆 | |
| 4 | 1192755 | 211927557 | 第三借阅区/ [索取号:S566.1/122] | 在馆 |